01016nam a22002655a 450000500170000000800410001702000150005804000280007308200210010124501320012226000500025430000330030450400510033765000380038865000320042665000340045865100100049265300250050270000290052770000320055670000280058894200080061699900150062495201110063920171205160119.0171205t1984 waua frb 001 0 eng d a0891162534 aEG-ScBUEbengcEG-ScBUE04a615.907bBIO22200aBiological monitoring and surveillance of workers exposed to chemicals /cedited by Antero Aitio, Vesa Riihimaki, Harri Vainio. aWashington :bHemisphere Pub. Corp.,cc.1984. axi, 403 p. :bill. ;c25 cm. aIncludes bibliographical references and index. 7aPatient monitoring.2BUEsh928890 7aIndicators (Biology)2BUEsh 7aIndustrial toxicology.2BUEsh 2BUEsh bENGGENcDecember20171 aAitio, Antero, eeditor.1 aRiihimaki, Vesa, eeditor.1 aVainio, Harri,eeditor. 2ddc c3922d3922 00102ddc4070aMAINbMAINc1STd2007-08-06ePurchasel0o615.907 BIOp000005069r2025-07-15 00:00:00yBB